[Event "Hastings Challengers 1995/96"]
[Site "Hastings"]
[Date "1995.12.29"]
[Round "2"]
[White "Grinsell, Lee A"]
[Black "Marusenko, Petr"]
[Result "1/2-1/2"]
[WhiteElo "2130"]
[BlackElo "2305"]
[PlyCount "72"]
[EventDate "1995.12.28"]
[EventType "swiss"]
[EventRounds "11"]
[EventCountry "ENG"]
[SourceTitle "BritBase"]
[Source "John Saunders"]
[SourceDate "2025.01.31"]
[SourceVersion "1"]
[SourceVersionDate "2025.01.31"]
[SourceQuality "1"]

1. e4 c6 2. d4 d5 3. Nc3 g6 4. Nf3 Bg7 5. Be2 Bg4 6. e5 e6 7. O-O Ne7 8. Bf4 Nd7 9. Re1 Nf5 10. Qd2 O-O 11. h3 Bxf3 12. Bxf3 Qb6 13. Rad1 c5 14. Na4 Qc6 15. Nxc5 Nxc5 16. dxc5 Qxc5 17. Bg4 Ne7 18. c3 Rfd8 19. Bg5 Rd7 20. Bf6 Nc6 21. h4 d4 22. Bxg7 Kxg7 23. Qf4 Rad8 24. Qf6+ Kg8 25. h5 Qe7 26. Qf4 dxc3 27. bxc3 Rxd1 28. Bxd1 Rd3 29. Bf3 Rxc3 30. Rd1 Rc5 31. Bxc6 bxc6 32. h6 Rd5 33. Rb1 Rb5 34. Rd1 Rd5 35. Rb1 Rb5 36. Rd1 Rd5 1/2-1/2

[Event "Hastings Challengers 1995/96"]
[Site "Hastings"]
[Date "1995.12.29"]
[Round "2"]
[White "Haslinger, Stewart G"]
[Black "Schmedders, Hans Gerd"]
[Result "0-1"]
[WhiteElo "2145"]
[BlackElo "2310"]
[PlyCount "88"]
[EventDate "1995.12.28"]
[EventType "swiss"]
[EventRounds "11"]
[EventCountry "ENG"]
[SourceTitle "BritBase"]
[Source "John Saunders"]
[SourceDate "2025.01.31"]
[SourceVersion "1"]
[SourceVersionDate "2025.01.31"]
[SourceQuality "1"]

1. e4 c6 2. d4 d5 3. Nd2 dxe4 4. Nxe4 Nf6 5. Nxf6+ gxf6 6. c3 Bf5 7. Ne2 h5 8. Ng3 Bg6 9. h4 Nd7 10. Be2 Qa5 11. Be3 O-O-O 12. b4 Qc7 13. Nxh5 e5 14. a3 f5 15. Bg5 Bxh5 16. Bxd8 Bxe2 17. Bxc7 Bxd1 18. Bxe5 Nxe5 19. Kxd1 Ng4 20. Ke2 Bh6 21. Rad1 b5 22. Kf3 Nf6 23. Rhe1 Ne4 24. Rxe4 fxe4+ 25. Kxe4 Re8+ 26. Kf3 f5 27. a4 a6 28. axb5 axb5 29. g4 fxg4+ 30. Kxg4 Kc7 31. f4 Rg8+ 32. Kf3 Rf8 33. d5 Rxf4+ 34. Kg3 Rc4 35. dxc6 Rxc3+ 36. Kg4 Kxc6 37. Kh5 Bf8 38. Rd8 Bxb4 39. Rc8+ Kd5 40. Rd8+ Bd6 41. Kg4 b4 42. Rd7 b3 43. h5 b2 44. Rb7 Rc4+ 0-1

[Event "Hastings Challengers 1995/96"]
[Site "Hastings"]
[Date "1995.12.29"]
[Round "2"]
[White "Hebden, Mark L"]
[Black "Parker, Jonathan F"]
[Result "1/2-1/2"]
[WhiteElo "2570"]
[BlackElo "2415"]
[PlyCount "48"]
[EventDate "1995.12.28"]
[EventType "swiss"]
[EventRounds "11"]
[EventCountry "ENG"]
[SourceTitle "BritBase"]
[Source "John Saunders"]
[SourceDate "2025.01.31"]
[SourceVersion "1"]
[SourceVersionDate "2025.01.31"]
[SourceQuality "1"]

1. Nf3 Nf6 2. d4 d5 3. Bg5 Ne4 4. Bf4 c5 5. dxc5 Nc6 6. e3 f6 7. Nbd2 e5 8. Bg3 Nxd2 9. Qxd2 Bxc5 10. O-O-O Be6 11. h4 O-O 12. h5 Rc8 13. Kb1 Qb6 14. c3 d4 15. exd4 exd4 16. c4 Na5 17. Qc2 Ba3 18. Rxd4 Bf5 19. Bd3 Bxd3 20. Rxd3 Rxc4 21. Qe2 Re4 22. Qc2 Rc4 23. Qe2 Re4 24. Qc2 Rc4 1/2-1/2

[Event "Hastings Challengers 1995/96"]
[Site "Hastings"]
[Date "1995.12.29"]
[Round "2"]
[White "Heinzel, Olaf"]
[Black "Cherniaev, Alexander"]
[Result "0-1"]
[WhiteElo "2310"]
[BlackElo "2450"]
[PlyCount "88"]
[EventDate "1995.12.28"]
[EventType "swiss"]
[EventRounds "11"]
[EventCountry "ENG"]
[SourceTitle "BritBase"]
[Source "John Saunders"]
[SourceDate "2025.01.31"]
[SourceVersion "1"]
[SourceVersionDate "2025.01.31"]
[SourceQuality "1"]

1. d4 d6 2. Nc3 g6 3. e4 Bg7 4. Bc4 Nf6 5. Nge2 O-O 6. f3 c6 7. a4 d5 8. exd5 cxd5 9. Bb3 Nc6 10. Bg5 e6 11. Na2 Na5 12. c3 Nxb3 13. Qxb3 b6 14. O-O a5 15. Nac1 Ba6 16. Qc2 Qc8 17. Nd3 Nd7 18. Rfe1 f6 19. Be3 e5 20. Rad1 Qc6 21. Nf2 Rfe8 22. Ng3 Re7 23. Ng4 Rae8 24. dxe5 fxe5 25. Qd2 Bb7 26. Bh6 Nf6 27. Nxf6+ Bxf6 28. Bg5 Kg7 29. Bxf6+ Qxf6 30. Nf1 Qc6 31. Qf2 h5 32. Ne3 d4 33. cxd4 exd4 34. Nc2 Rxe1+ 35. Rxe1 Rxe1+ 36. Qxe1 Qc5 37. Qd2 d3+ 38. Ne3 Qd4 39. Kf1 Ba6 40. Qc3 Qxc3 41. bxc3 d2+ 42. Kf2 Bd3 43. h4 b5 44. axb5 Bxb5 0-1

[Event "Hastings Challengers 1995/96"]
[Site "Hastings"]
[Date "1995.12.29"]
[Round "2"]
[White "Hirsch, Stefan"]
[Black "Parr, David"]
[Result "1/2-1/2"]
[WhiteElo "2235"]
[BlackElo "2220"]
[PlyCount "36"]
[EventDate "1995.12.28"]
[EventType "swiss"]
[EventRounds "11"]
[EventCountry "ENG"]
[SourceTitle "BritBase"]
[Source "John Saunders"]
[SourceDate "2025.01.31"]
[SourceVersion "1"]
[SourceVersionDate "2025.01.31"]
[SourceQuality "1"]

1. e4 c5 2. Nf3 d6 3. d4 cxd4 4. Nxd4 Nf6 5. Nc3 g6 6. Be2 Bg7 7. Be3 O-O 8. f4 Nc6 9. Nb3 Be6 10. g4 Na5 11. f5 Bc4 12. Nxa5 Bxe2 13. Qxe2 Qxa5 14. Bd4 Nd7 15. Bxg7 Kxg7 16. O-O-O Rfc8 17. Rd5 Rc5 18. Rhd1 Rac8 1/2-1/2

[Event "Hastings Challengers 1995/96"]
[Site "Hastings"]
[Date "1995.12.29"]
[Round "2"]
[White "Hon, Andrew HL"]
[Black "Mortensen, Erling"]
[Result "0-1"]
[WhiteElo "2225"]
[BlackElo "2430"]
[PlyCount "130"]
[EventDate "1995.12.28"]
[EventType "swiss"]
[EventRounds "11"]
[EventCountry "ENG"]
[SourceTitle "BritBase"]
[Source "John Saunders"]
[SourceDate "2025.01.31"]
[SourceVersion "1"]
[SourceVersionDate "2025.01.31"]
[SourceQuality "1"]

1. e4 c5 2. Nf3 Nc6 3. Nc3 e6 4. d4 cxd4 5. Nxd4 Qc7 6. g3 a6 7. Bg2 d6 8. O-O Be7 9. Kh1 Nf6 10. h3 O-O 11. f4 Nxd4 12. Qxd4 Nd7 13. Be3 b6 14. Rad1 Bb7 15. f5 b5 16. g4 Rfe8 17. g5 Ne5 18. f6 Bf8 19. Bg1 Rac8 20. fxg7 Bxg7 21. Bh2 Red8 22. Qf2 Rd7 23. Rc1 Qd8 24. Qf4 Nc4 25. Nd1 Nxb2 26. Ne3 Nc4 27. Ng4 Ne5 28. Nf6+ Bxf6 29. gxf6 Kh8 30. Rg1 Ng6 31. Qf2 Rc4 32. h4 Rxe4 33. h5 Nh4 34. Rcf1 Nf5 35. Bf3 Ne3 36. Qg3 Rg4 37. Qf2 Bxf3+ 38. Qxf3 Rxg1+ 39. Rxg1 Nf5 40. Qg2 Rc7 41. Bxd6 Rc4 42. Bh2 h6 43. Qb7 Rxc2 44. a3 Qd5+ 45. Qxd5 exd5 46. Re1 d4 47. Re8+ Kh7 48. Rf8 Rc6 49. Rxf7+ Kg8 50. Rd7 Rxf6 51. Be5 Re6 52. Bxd4 Nxd4 53. Rxd4 Rb6 54. Rd3 a5 55. Rb3 Kf7 56. Kg2 Kf6 57. Rg3 Kf5 58. Kh3 b4 59. Rb3 Kg5 60. axb4 axb4 61. Kg3 Kxh5 62. Kh3 Kg5 63. Kg3 h5 64. Kh3 Kf4 65. Kh4 Rb5 0-1

[Event "Hastings Challengers 1995/96"]
[Site "Hastings"]
[Date "1995.12.29"]
[Round "2"]
[White "Knox, David A"]
[Black "Haslinger, Mandy S"]
[Result "1/2-1/2"]
[WhiteElo "2235"]
[BlackElo "2060"]
[PlyCount "54"]
[EventDate "1995.12.28"]
[EventType "swiss"]
[EventRounds "11"]
[EventCountry "ENG"]
[SourceTitle "BritBase"]
[Source "John Saunders"]
[SourceDate "2025.01.31"]
[SourceVersion "1"]
[SourceVersionDate "2025.01.31"]
[SourceQuality "1"]

1. e4 c6 2. Nc3 d5 3. Nf3 dxe4 4. Nxe4 Nf6 5. Nxf6+ exf6 6. g3 Bd6 7. Bg2 O-O 8. O-O Na6 9. d4 Nc7 10. c4 Re8 11. Qc2 g6 12. b3 Bf5 13. Qc3 Be4 14. Bb2 Bf8 15. Rad1 Bg7 16. Rfe1 Qd7 17. d5 cxd5 18. cxd5 Bxd5 19. Qd4 Qb5 20. g4 Rxe1+ 21. Nxe1 Bxg2 22. Nxg2 Ne6 23. Qd3 Qxd3 24. Rxd3 Rd8 25. Rxd8+ Nxd8 26. Ne3 Nc6 27. f4 Nb4 1/2-1/2

[Event "Hastings Challengers 1995/96"]
[Site "Hastings"]
[Date "1995.12.29"]
[Round "2"]
[White "Lalic, Susan Kathryn"]
[Black "Rausis, Igors"]
[Result "0-1"]
[WhiteElo "2315"]
[BlackElo "2515"]
[PlyCount "68"]
[EventDate "1995.12.28"]
[EventType "swiss"]
[EventRounds "11"]
[EventCountry "ENG"]
[SourceTitle "BritBase"]
[Source "John Saunders"]
[SourceDate "2025.01.31"]
[SourceVersion "1"]
[SourceVersionDate "2025.01.31"]
[SourceQuality "1"]

1. e4 c5 2. c3 Nf6 3. e5 Nd5 4. d4 cxd4 5. Nf3 e6 6. cxd4 b6 7. Nc3 Nxc3 8. bxc3 Qc7 9. Bd2 d6 10. Bd3 Nd7 11. O-O dxe5 12. Re1 Bd6 13. Nxe5 Nxe5 14. dxe5 Bxe5 15. Qf3 Bb7 16. Bb5+ Ke7 17. Qh5 Bf4 18. Rad1 Rad8 19. Bxf4 Qxf4 20. Rd4 Rxd4 21. cxd4 Rc8 22. Qxh7 Rc1 23. Rf1 Qg5 24. Qh3 Rc3 25. f4 Rxh3 26. fxg5 Rh5 27. Rc1 Kd6 28. h4 Rxh4 29. Rf1 f5 30. gxf6 Rg4 31. Rf2 gxf6 32. Rxf6 Rxg2+ 33. Kf1 Rxa2 34. Rf7 Bc6 0-1

[Event "Hastings Challengers 1995/96"]
[Site "Hastings"]
[Date "1995.12.29"]
[Round "2"]
[White "Larsen, Steen Skovlund"]
[Black "Fox, Anthony"]
[Result "1/2-1/2"]
[WhiteElo "2340"]
[BlackElo "2125"]
[PlyCount "73"]
[EventDate "1995.12.28"]
[EventType "swiss"]
[EventRounds "11"]
[EventCountry "ENG"]
[SourceTitle "BritBase"]
[Source "John Saunders"]
[SourceDate "2025.01.31"]
[SourceVersion "1"]
[SourceVersionDate "2025.01.31"]
[SourceQuality "1"]

1. d4 Nf6 2. c4 e6 3. Nf3 Bb4+ 4. Nbd2 b6 5. a3 Bxd2+ 6. Qxd2 O-O 7. e3 Bb7 8. Be2 a5 9. b3 d6 10. Bb2 Ne4 11. Qd3 f5 12. O-O Nd7 13. Nd2 Nxd2 14. Qxd2 Qe7 15. Rac1 Rae8 16. b4 axb4 17. axb4 Ra8 18. Ra1 Rxa1 19. Rxa1 Ra8 20. Rxa8+ Bxa8 21. Bc3 Bb7 22. f3 Nf6 23. Qa2 Qe8 24. Qa7 Qa8 25. Qxa8+ Bxa8 26. h3 Kf7 27. g4 h6 28. Kf2 g6 29. Bd3 Bb7 30. Kg3 Ba8 31. Kf4 b5 32. Kg3 bxc4 33. Bxc4 Nd5 34. Bd2 Nf6 35. Bd3 Bb7 36. Kf4 Nd5+ 37. Kg3 1/2-1/2

[Event "Hastings Challengers 1995/96"]
[Site "Hastings"]
[Date "1995.12.29"]
[Round "2"]
[White "Ledger, Andrew J"]
[Black "Trzaska, Peter"]
[Result "1/2-1/2"]
[WhiteElo "2410"]
[BlackElo "2200"]
[PlyCount "91"]
[EventDate "1995.12.28"]
[EventType "swiss"]
[EventRounds "11"]
[EventCountry "ENG"]
[SourceTitle "BritBase"]
[Source "John Saunders"]
[SourceDate "2025.01.31"]
[SourceVersion "1"]
[SourceVersionDate "2025.01.31"]
[SourceQuality "1"]

1. c4 e5 2. Nc3 Nf6 3. Nf3 Nc6 4. e3 Bb4 5. Qc2 d6 6. a3 Bxc3 7. Qxc3 a5 8. b3 Bg4 9. d3 O-O 10. Bb2 Bxf3 11. gxf3 d5 12. cxd5 Nxd5 13. Qc5 Re8 14. Rg1 Qd6 15. Qxd6 cxd6 16. f4 a4 17. b4 Rac8 18. Bh3 Rc7 19. Kd2 Rce7 20. Rac1 f5 21. fxe5 Nxe5 22. Bxe5 Rxe5 23. Bg2 f4 24. d4 Rh5 25. Bxd5+ Rxd5 26. Rc7 g6 27. Rg4 fxe3+ 28. fxe3 Rf5 29. Kd3 d5 30. Rg2 Rf3 31. Re2 Rf1 32. Kc2 Rf3 33. Rc3 b6 34. b5 g5 35. Kd2 Re6 36. Rc8+ Rf8 37. Rxf8+ Kxf8 38. Rf2+ Ke7 39. Rf5 Rh6 40. Rxg5 Rxh2+ 41. Kc3 Re2 42. Kd3 Ra2 43. Rxd5 Rxa3+ 44. Ke4 Rb3 45. Rh5 h6 46. Rxh6 1/2-1/2

[Event "Hastings Challengers 1995/96"]
[Site "Hastings"]
[Date "1995.12.29"]
[Round "2"]
[White "Lyell, Mark"]
[Black "Tseitlin, Mikhail S"]
[Result "0-1"]
[WhiteElo "2265"]
[BlackElo "2435"]
[PlyCount "92"]
[EventDate "1995.12.28"]
[EventType "swiss"]
[EventRounds "11"]
[EventCountry "ENG"]
[SourceTitle "BritBase"]
[Source "John Saunders"]
[SourceDate "2025.01.31"]
[SourceVersion "1"]
[SourceVersionDate "2025.01.31"]
[SourceQuality "1"]

1. e4 c6 2. d4 d5 3. exd5 cxd5 4. c4 Nf6 5. Nc3 e6 6. Nf3 Nc6 7. c5 Be7 8. a3 Ne4 9. Qc2 f5 10. Bb5 Bf6 11. Bf4 O-O 12. Bxc6 bxc6 13. O-O Bd7 14. Be5 Be8 15. b4 Bh5 16. Nd2 Bxe5 17. dxe5 Nxd2 18. Qxd2 d4 19. Na4 Qd5 20. f4 Rfd8 21. Rf2 d3 22. Nc3 Qb3 23. Ra2 Rd4 24. Qb2 Qc4 25. g3 Rad8 26. Nb1 Re4 27. Nd2 Re1+ 28. Rf1 Rxf1+ 29. Kxf1 Qd5 30. Kg1 Bg4 31. Qb3 Qd4+ 32. Kg2 Kf7 33. h3 Bd1 34. Qb1 Bc2 35. Qb2 Qe3 36. Qc3 Qe2+ 37. Kg1 Qe1+ 38. Kg2 g5 39. Ra1 Qe2+ 40. Kh1 gxf4 41. gxf4 Qe3 42. Nf1 Qf3+ 43. Kh2 Qxf4+ 44. Kh1 Qf3+ 45. Kh2 Qf4+ 46. Kh1 Rg8 0-1

[Event "Hastings Challengers 1995/96"]
[Site "Hastings"]
[Date "1995.12.29"]
[Round "2"]
[White "McCamon, Boyd T"]
[Black "Damm, Fabian"]
[Result "0-1"]
[WhiteElo "2305"]
[BlackElo "2205"]
[PlyCount "26"]
[EventDate "1995.12.28"]
[EventType "swiss"]
[EventRounds "11"]
[EventCountry "ENG"]
[SourceTitle "BritBase"]
[Source "John Saunders"]
[SourceDate "2025.01.31"]
[SourceVersion "1"]
[SourceVersionDate "2025.01.31"]
[SourceQuality "1"]

1. d4 Nf6 2. Bg5 d5 3. Nf3 g6 4. Nbd2 Nbd7 5. e3 Bg7 6. Be2 O-O 7. O-O b6 8. b4 Bb7 9. c3 Qe8 10. a4 a6 11. b5 e5 12. Qb3 e4 13. Ne1 axb5 0-1

[Event "Hastings Challengers 1995/96"]
[Site "Hastings"]
[Date "1995.12.29"]
[Round "2"]
[White "McMahon, Daire"]
[Black "Howell, Christopher I"]
[Result "0-1"]
[WhiteElo "2240"]
[BlackElo "2080"]
[PlyCount "56"]
[EventDate "1995.12.28"]
[EventType "swiss"]
[EventRounds "11"]
[EventCountry "ENG"]
[SourceTitle "BritBase"]
[Source "John Saunders"]
[SourceDate "2025.01.31"]
[SourceVersion "1"]
[SourceVersionDate "2025.01.31"]
[SourceQuality "1"]

1. d4 Nf6 2. c4 g6 3. Nc3 Bg7 4. e4 d6 5. Bd3 e5 6. d5 c5 7. Nge2 O-O 8. h3 a6 9. g4 Ne8 10. Ng3 Qh4 11. Qd2 f6 12. Nce2 b5 13. cxb5 axb5 14. Bxb5 Nc7 15. Bd3 Nba6 16. Ng1 f5 17. exf5 Nb4 18. Be4 gxf5 19. Nf3 Qxg3 20. fxg3 fxe4 21. Ng5 Nd3+ 22. Kd1 Nf2+ 23. Kc2 Ba6 24. a3 Bd3+ 25. Kb3 Rfb8+ 26. Ka2 Nxd5 27. b4 Nxb4+ 28. Kb2 Nd5+ 0-1

[Event "Hastings Challengers 1995/96"]
[Site "Hastings"]
[Date "1995.12.29"]
[Round "2"]
[White "O'Cinneide, Mel"]
[Black "Pickersgill, Adrian O"]
[Result "1-0"]
[WhiteElo "2255"]
[BlackElo "2105"]
[PlyCount "99"]
[EventDate "1995.12.28"]
[EventType "swiss"]
[EventRounds "11"]
[EventCountry "ENG"]
[SourceTitle "BritBase"]
[Source "John Saunders"]
[SourceDate "2025.01.31"]
[SourceVersion "1"]
[SourceVersionDate "2025.01.31"]
[SourceQuality "1"]

1. c4 Nf6 2. d4 e6 3. g3 d5 4. Nf3 dxc4 5. Bg2 Nbd7 6. Qa4 c5 7. O-O Be7 8. Qxc4 O-O 9. Rd1 a6 10. Qc2 Nd5 11. Nc3 Nxc3 12. bxc3 Ra7 13. a4 b6 14. Be3 Bb7 15. a5 Qc8 16. axb6 Nxb6 17. dxc5 Bxc5 18. Ng5 g6 19. Bxb7 Rxb7 20. Bxc5 Qxc5 21. Ne4 Qf5 22. Rdb1 Rfb8 23. Rxa6 Nc4 24. Rxb7 Rxb7 25. Qd3 Qb5 26. Qd8+ Kg7 27. Qf6+ Kg8 28. Qd8+ Kg7 29. Qf6+ Kg8 30. Ra8+ Rb8 31. Rxb8+ Qxb8 32. Qd4 Ne5 33. Nf6+ Kg7 34. Ng4 f6 35. Nxe5 fxe5 36. Qd7+ Kf6 37. Qd3 Ke7 38. Qe3 Kd6 39. Kg2 Qb7+ 40. Qf3 e4 41. Qf8+ Kd5 42. Qd8+ Ke5 43. Qd4+ Kf5 44. c4 h5 45. Qc5+ Kf6 46. Qf8+ Ke5 47. e3 g5 48. h4 Qc6 49. Qg7+ Kd6 50. Qd4+ 1-0

[Event "Hastings Challengers 1995/96"]
[Site "Hastings"]
[Date "1995.12.29"]
[Round "2"]
[White "Pert, Richard"]
[Black "Kurr, Gerd"]
[Result "1/2-1/2"]
[WhiteElo "2110"]
[BlackElo "2250"]
[PlyCount "70"]
[EventDate "1995.12.28"]
[EventType "swiss"]
[EventRounds "11"]
[EventCountry "ENG"]
[SourceTitle "BritBase"]
[Source "John Saunders"]
[SourceDate "2025.01.31"]
[SourceVersion "1"]
[SourceVersionDate "2025.01.31"]
[SourceQuality "1"]

1. e4 c6 2. d4 d5 3. Nd2 dxe4 4. Nxe4 Nf6 5. Nxf6+ gxf6 6. Nf3 Bg4 7. Be2 e6 8. Be3 Nd7 9. h3 Bf5 10. Nh4 Bg6 11. Nxg6 hxg6 12. c3 Bd6 13. Qb3 Qc7 14. Bf3 f5 15. O-O-O Nf6 16. Kb1 b5 17. c4 bxc4 18. Qxc4 Nd5 19. Rc1 Kd7 20. Rhe1 Qb7 21. Bg5 Rab8 22. Re2 Rhc8 23. Bxd5 cxd5 24. Qa4+ Qb5 25. Qxb5+ Rxb5 26. Rxc8 Kxc8 27. Bf6 Kd7 28. Kc2 a5 29. b3 a4 30. bxa4 Rb4 31. Re3 Rxa4 32. Kb2 Rb4+ 33. Rb3 Kc6 34. Rxb4 Bxb4 35. Kb3 Bd2 1/2-1/2

[Event "Hastings Challengers 1995/96"]
[Site "Hastings"]
[Date "1995.12.29"]
[Round "2"]
[White "Plaskett, H James"]
[Black "Paschall, William M"]
[Result "1-0"]
[WhiteElo "2465"]
[BlackElo "2330"]
[PlyCount "49"]
[EventDate "1995.12.28"]
[EventType "swiss"]
[EventRounds "11"]
[EventCountry "ENG"]
[SourceTitle "BritBase"]
[Source "John Saunders"]
[SourceDate "2025.01.31"]
[SourceVersion "1"]
[SourceVersionDate "2025.01.31"]
[SourceQuality "1"]

1. e4 d5 2. exd5 Nf6 3. d4 Nxd5 4. Nf3 Bg4 5. c4 Nb6 6. c5 N6d7 7. Bc4 e6 8. h3 Bh5 9. Nc3 Nc6 10. Be3 Be7 11. Qe2 Nb4 12. a3 Bxf3 13. gxf3 Nc6 14. O-O-O O-O 15. Rhg1 Re8 16. f4 g6 17. Qf3 Bf6 18. f5 exf5 19. Qxf5 Ne7 20. Qf3 Rb8 21. Bh6 Nc6 22. Rg4 Na5 23. Ba2 b5 24. Nd5 Nc4 25. c6 1-0

[Event "Hastings Challengers 1995/96"]
[Site "Hastings"]
[Date "1995.12.29"]
[Round "2"]
[White "Radovanovic, Jovica"]
[Black "Vigus, James E"]
[Result "1-0"]
[WhiteElo "2280"]
[BlackElo "2110"]
[PlyCount "41"]
[EventDate "1995.12.28"]
[EventType "swiss"]
[EventRounds "11"]
[EventCountry "ENG"]
[SourceTitle "BritBase"]
[Source "John Saunders"]
[SourceDate "2025.01.31"]
[SourceVersion "1"]
[SourceVersionDate "2025.01.31"]
[SourceQuality "1"]

1. e4 d6 2. d4 Nf6 3. Nc3 g6 4. Nf3 Bg7 5. Be2 O-O 6. O-O c6 7. a4 Nbd7 8. Re1 e5 9. Bf1 a5 10. Be3 Re8 11. h3 exd4 12. Bxd4 Qc7 13. Qd2 b6 14. Rad1 Ne5 15. Nh2 Bb7 16. Be3 Rad8 17. Bg5 Qc8 18. f4 Ned7 19. Ng4 Rf8 20. Qxd6 Rde8 21. Bxf6 1-0

[Event "Hastings Challengers 1995/96"]
[Site "Hastings"]
[Date "1995.12.29"]
[Round "2"]
[White "Rause, Olita"]
[Black "Malaniuk, Vladimir P"]
[Result "0-1"]
[WhiteElo "2320"]
[BlackElo "2580"]
[PlyCount "78"]
[EventDate "1995.12.28"]
[EventType "swiss"]
[EventRounds "11"]
[EventCountry "ENG"]
[SourceTitle "BritBase"]
[Source "John Saunders"]
[SourceDate "2025.01.31"]
[SourceVersion "1"]
[SourceVersionDate "2025.01.31"]
[SourceQuality "1"]

1. e4 d6 2. d4 Nf6 3. Bd3 e5 4. c3 d5 5. dxe5 Nxe4 6. Nf3 Nc6 7. Qe2 Nc5 8. Bc2 Bg4 9. Bf4 d4 10. Be4 d3 11. Qe3 Nxe4 12. Qxe4 Qd7 13. Nbd2 O-O-O 14. O-O Kb8 15. b4 Bf5 16. Qe3 Ne7 17. c4 Be6 18. b5 h6 19. h4 Nf5 20. Qe4 Nd4 21. Qxd3 Bf5 22. Qxd4 Qxd4 23. Nxd4 Rxd4 24. Be3 Rxh4 25. f4 Bb4 26. Nf3 Rg4 27. Rfd1 Bc3 28. Rac1 Bb2 29. Kf2 Bxc1 30. Bxc1 g5 31. Nh2 Rh4 32. Nf3 Bg4 33. Re1 Rh5 34. fxg5 Bxf3 35. Kxf3 hxg5 36. e6 fxe6 37. Rxe6 Kc8 38. Rg6 Rf8+ 39. Kg3 Rh4 0-1

[Event "Hastings Challengers 1995/96"]
[Site "Hastings"]
[Date "1995.12.29"]
[Round "2"]
[White "Rice, Christopher B"]
[Black "Sheehan, Anthony"]
[Result "1/2-1/2"]
[WhiteElo "2165"]
[BlackElo "2005"]
[PlyCount "60"]
[EventDate "1995.12.28"]
[EventType "swiss"]
[EventRounds "11"]
[EventCountry "ENG"]
[SourceTitle "BritBase"]
[Source "John Saunders"]
[SourceDate "2025.01.31"]
[SourceVersion "1"]
[SourceVersionDate "2025.01.31"]
[SourceQuality "1"]

1. d4 d5 2. Nf3 Nf6 3. Bg5 Bf5 4. Bxf6 exf6 5. e3 Bd6 6. c4 Bb4+ 7. Nc3 O-O 8. Qb3 Bxc3+ 9. bxc3 dxc4 10. Bxc4 Qc8 11. O-O Nd7 12. Nh4 Nb6 13. Nxf5 Qxf5 14. Be2 Rfd8 15. Bf3 c6 16. c4 Rd7 17. a4 Nc8 18. a5 a6 19. h3 h5 20. c5 Ne7 21. Ra4 Rc8 22. Rb4 Rcc7 23. Rb1 g6 24. Qa2 Qe6 25. R1b3 Nf5 26. Qb2 Qe7 27. g3 Ng7 28. h4 f5 29. Kg2 Ne8 30. Qb1 Nf6 1/2-1/2

[Event "Hastings Challengers 1995/96"]
[Site "Hastings"]
[Date "1995.12.29"]
[Round "2"]
[White "Richardson, Kevin Derek"]
[Black "Muir, Andrew Joseph"]
[Result "1/2-1/2"]
[WhiteElo "2170"]
[BlackElo "2315"]
[PlyCount "123"]
[EventDate "1995.12.28"]
[EventType "swiss"]
[EventRounds "11"]
[EventCountry "ENG"]
[SourceTitle "BritBase"]
[Source "John Saunders"]
[SourceDate "2025.01.31"]
[SourceVersion "1"]
[SourceVersionDate "2025.01.31"]
[SourceQuality "1"]

1. e4 d5 2. exd5 Qxd5 3. Nc3 Qa5 4. d4 c6 5. Nf3 Nf6 6. Bd2 Bf5 7. Ne5 e6 8. Bd3 Bxd3 9. Nxd3 Qf5 10. Qe2 Nbd7 11. O-O-O Bd6 12. f3 O-O-O 13. g4 Qa5 14. Ne4 Qd5 15. Nxd6+ Qxd6 16. Ne5 Qe7 17. Nxc6 bxc6 18. Qa6+ Kb8 19. Bf4+ e5 20. dxe5 Nxe5 21. Qxc6 Rxd1+ 22. Rxd1 Re8 23. g5 Qc7 24. Qxc7+ Kxc7 25. gxf6 gxf6 26. Bxe5+ fxe5 27. Rg1 Re6 28. Kd2 Kd6 29. Ke3 Rh6 30. Rg2 f5 31. Rd2+ Ke6 32. c4 Rh3 33. b4 e4 34. Rf2 Ke5 35. c5 f4+ 36. Ke2 e3 37. Rg2 Kd5 38. a3 a5 39. bxa5 Kxc5 40. Rg4 Rxh2+ 41. Ke1 Kc4 42. Rg7 Rh1+ 43. Ke2 Rh2+ 44. Ke1 Rh5 45. Rf7 Rxa5 46. Rxf4+ Kd3 47. Rf7 Rxa3 48. Rd7+ Kc4 49. Rxh7 Ra2 50. Rc7+ Kd4 51. Rd7+ Ke5 52. Re7+ Kf4 53. Rf7+ Kg3 54. Rg7+ Kxf3 55. Rf7+ Ke4 56. Re7+ Kd3 57. Rf7 Kc4 58. Rc7+ Kd5 59. Rd7+ Ke6 60. Rd3 e2 61. Re3+ Kd5 62. Rxe2 1/2-1/2

[Event "Hastings Challengers 1995/96"]
[Site "Hastings"]
[Date "1995.12.29"]
[Round "2"]
[White "Ryan, Joseph"]
[Black "Emms, John M"]
[Result "1/2-1/2"]
[WhiteElo "2210"]
[BlackElo "2485"]
[PlyCount "103"]
[EventDate "1995.12.28"]
[EventType "swiss"]
[EventRounds "11"]
[EventCountry "ENG"]
[SourceTitle "BritBase"]
[Source "John Saunders"]
[SourceDate "2025.01.31"]
[SourceVersion "1"]
[SourceVersionDate "2025.01.31"]
[SourceQuality "1"]

1. e4 e5 2. Nf3 Nc6 3. Bb5 a6 4. Bxc6 dxc6 5. O-O Bd6 6. d4 exd4 7. Qxd4 f6 8. Nbd2 Be6 9. b3 Qe7 10. Bb2 Nh6 11. e5 fxe5 12. Nxe5 Nf5 13. Qe4 O-O 14. Rae1 Rae8 15. c4 Bb4 16. Re2 Nh4 17. Ndf3 Nxf3+ 18. Nxf3 Qd8 19. Qe5 Qd7 20. Qg3 Bd6 21. Ne5 Bxe5 22. Rxe5 Bf5 23. Rfe1 Rxe5 24. Qxe5 Bg6 25. Qc3 Rf7 26. h3 h6 27. Qe3 Kh7 28. Be5 Re7 29. f4 h5 30. Qe2 b5 31. Rd1 Qf5 32. Qd2 Rf7 33. Qd8 bxc4 34. bxc4 Qc2 35. Qd4 c5 36. Qd2 Qxc4 37. Rc1 Qb5 38. Qd5 Qe2 39. Qxc5 Qxa2 40. Ra1 Qe2 41. Qf2 Qc4 42. Qa2 Qc5+ 43. Kh2 Rd7 44. Qxa6 Rd2 45. Qb7 Qf2 46. Bxc7 h4 47. f5 Qxf5 48. Ra4 Qf6 49. Qb4 Re2 50. Qxh4+ Qxh4 51. Rxh4+ Kg8 52. Rg4 1/2-1/2